| 000 | 00487nam a2200205 i 4500 | ||
|---|---|---|---|
| 001 | bg | ||
| 245 | 0 | _aThe World of Learning 1993. | |
| 250 | _aEdition forty-third. | ||
| 260 |
_aLondon : _bEuropa Publ., _c1992. |
||
| 300 |
_aXV, 2072 s. ; _c29 cm. |
||
| 490 | 1 | _x0084-2117 | |
| 830 | _x0084-2117 | ||
| 020 | _a0946653798 | ||
| 040 | _cBPK | ||
| 041 | _apol | ||
| 080 | _a001:378](058) | ||
| 920 | _a0-946653-79-8 | ||
| 942 | _cKS | ||
| 008 | s pl f |000 0 pol | ||
| 999 |
_c29790 _d29790 |
||
| 856 |
_uhttp://koha.tu.koszalin.pl/cgi-bin/koha/opac-detail.pl?biblionumber=29790 _yKatalog online BPK |
||